000 00374nam a2200157 i 4500
001 bg
100 1 _aADAMCZYK, Antoni
245 0 _aCiekłe kryształy :
_bniezwykły stan materii /
_cAntoni Adamczyk.
260 _aWarszawa,
_c1979.
490 1 _aOmega
830 _aOmega
040 _cBPK
041 _apol
942 _cKS
008 s pl f |000 0 pol
999 _c21435
_d21435
856 _uhttp://koha.tu.koszalin.pl/cgi-bin/koha/opac-detail.pl?biblionumber=21435
_yKatalog online BPK